| Tag |
First Indicator |
Second Indicator |
Subfields |
| LEADER |
00000cam a2200000 a 4500 |
| 001 |
in00000096028 |
| 005 |
20150923173904.0 |
| 008 |
800902s1980 sw a b 00010 eng d |
| 035 |
|
|
|a (OCoLC)06674438
|
| 035 |
|
|
|9 AAK8418AM
|
| 040 |
|
|
|a CUN
|c CUN
|d TXA
|d UtOrBLW
|
| 049 |
|
|
|a TXAM
|c [1167237]
|
| 090 |
|
|
|a QP1
|b .A262 no. 480
|
| 100 |
1 |
|
|a Tesch, Per.
|
| 245 |
1 |
0 |
|a Muscle fatigue in man :
|b with special reference to lactate accumulation during short term intense exercise /
|c Per Tesch.
|
| 264 |
|
1 |
|a Stockholm :
|b [publisher not identified],
|c 1980.
|
| 300 |
|
|
|a 40 pages :
|b illustrations ;
|c 25 cm.
|
| 336 |
|
|
|a text
|b txt
|2 rdacontent
|
| 337 |
|
|
|a unmediated
|b n
|2 rdamedia
|
| 338 |
|
|
|a volume
|b nc
|2 rdacarrier
|
| 490 |
1 |
|
|a Acta physiologica Scandinavica. Supplementum,
|x 0302-2994 ;
|v 480
|
| 504 |
|
|
|a Bibliography: pages 32-40.
|
| 650 |
|
0 |
|a Muscle contraction.
|
| 650 |
|
0 |
|a Fatigue.
|
| 650 |
|
0 |
|a Lactic acid.
|
| 650 |
|
0 |
|a Exercise
|x Physiological aspects.
|
| 830 |
|
0 |
|a Acta physiologica Scandinavica.
|p Supplementum ;
|v 480.
|
| 999 |
|
|
|a MARS
|
| 999 |
f |
f |
|s 42dba541-f41c-3bf2-9009-81a219e573d4
|i 3a6777a6-b214-3736-b4ed-5f4d767df657
|t 0
|
| 952 |
f |
f |
|p ric
|a Texas A&M University
|b Rellis Campus
|c Joint Library Facility
|d Remote Storage
|t 0
|e QP1 .A262 no. 480
|h Library of Congress classification
|i unmediated -- volume
|m A14806010393
|
| 998 |
f |
f |
|a QP1 .A262 no. 480
|t 0
|l Remote Storage
|